banner-ar

تاريخ افريقية فى العهد الحفصى: من القرن 13 الى نهاية القرن 15 م / (Record no. 55204)

MARC details
000 -الفاتح
حقل البيانات ثابتة الطول 00681nam a2200205Ia 4500
008 - عناصر البيانات ثابتة الطول - معلومات عامة
حقل البيانات ثابتة الطول 140319s9999 xx 000 0 ara d
040 ## - مصدر الفهرسة
وكالة الفهرسة الأصلية GCL /
وكالة النسخ GCL
082 04 - رقم تصنيف ديوى العشرى
رقم التصنيف 953.0726
رقم المادة ب ت
100 1# - المدخل الرئيسى - إسم شخصى
الإسم الشخصى حمادى الساحلى
245 10 - بيان العنوان
العنوان تاريخ افريقية فى العهد الحفصى: من القرن 13 الى نهاية القرن 15 م /
بيان المسئوليه,etc حمادى الساحلى
700 1# - المدخل الاضافى - اسم شخصى
الإسم الشخصى برنشفيك، روبار
260 ## - PUBLICATION, DISTRIBUTION, ETC. (IMPRINT)
تاريخ النشر أو التوزيع 1988
300 ## - الوصف المادى
التعداد متعدد
490 ## - بيان السلسلة
عنوان السلسلة السلسلة الجامعية
رقم المجلد/ التعيين التسلسلي 0
650 04 - المدخل الاضافى بالموضوع-مصطلح موضوعى
مصطلح موضوعي تاريخ
650 04 - المدخل الاضافى بالموضوع-مصطلح موضوعى
مصطلح موضوعي تونس
650 04 - المدخل الاضافى بالموضوع-مصطلح موضوعى
مصطلح موضوعي بنو حفص
942 ## - عناصر المدخل الإضافي( كوها)
مصدر التصنيف او مخطط الترفيف Dewey Decimal Classification
Koha [default] item type كتاب
260 ## - PUBLICATION, DISTRIBUTION, ETC. (IMPRINT)
-- [S.N] :
-- دار الغرب الاسلامى ،
Holdings
حالة التراجع حالة الفقد حالة تلف ليس للاعارة المكان المؤقت الموقع الحالى تاريخ الاكتساب اجمالي اﻻعارات رقم الطلب الباركود تاريخ اخر مشاهدة تاريخ تفعيل السعر نوع وعاء كوها
        مكتبة القاهرة الكبرى مكتبة القاهرة الكبرى 03/26/2014   953.0726\ب ت 132633 03/26/2014 03/26/2014 كتاب
        مكتبة القاهرة الكبرى مكتبة القاهرة الكبرى 03/26/2014   953.0726\ب ت 132634 03/26/2014 03/26/2014 كتاب

Powered By

EGPV